<?xml version="1.0" encoding="UTF-8"?>
<record
    xmlns:xsi="http://www.w3.org/2001/XMLSchema-instance"
    xsi:schemaLocation="http://www.loc.gov/MARC21/slim http://www.loc.gov/standards/marcxml/schema/MARC21slim.xsd"
    xmlns="http://www.loc.gov/MARC21/slim">

  <leader>01798nam0a2200361   4500</leader>
  <controlfield tag="001">RU\NLR\BIBL_A\011909097</controlfield>
  <controlfield tag="005">20190204092121.0</controlfield>
  <datafield tag="010" ind1=" " ind2=" ">
    <subfield code="a">978-5-00127-057-7</subfield>
    <subfield code="9">7000</subfield>
  </datafield>
  <datafield tag="021" ind1=" " ind2=" ">
    <subfield code="a">RU</subfield>
    <subfield code="b">&#x41A;&#x41D;-&#x41F;-18-091585</subfield>
    <subfield code="9">&#x41A;&#x41D;-&#x41F;-18-6652</subfield>
  </datafield>
  <datafield tag="035" ind1=" " ind2=" ">
    <subfield code="a">(NLR Aleph) 011909097</subfield>
  </datafield>
  <datafield tag="035" ind1=" " ind2=" ">
    <subfield code="a">(RuMoRGB)009826087</subfield>
  </datafield>
  <datafield tag="090" ind1=" " ind2=" ">
    <subfield code="a">10925270</subfield>
    <subfield code="c">10925270</subfield>
  </datafield>
  <datafield tag="100" ind1=" " ind2=" ">
    <subfield code="a">20190114d2019    u  y0rusy50      ca</subfield>
  </datafield>
  <datafield tag="101" ind1="0" ind2=" ">
    <subfield code="a">rus</subfield>
  </datafield>
  <datafield tag="102" ind1=" " ind2=" ">
    <subfield code="a">RU</subfield>
  </datafield>
  <datafield tag="105" ind1=" " ind2=" ">
    <subfield code="a"> c||z|||000zb</subfield>
  </datafield>
  <datafield tag="200" ind1="1" ind2=" ">
    <subfield code="a">&#x41E;&#x43D; &#x43E;&#x442; &#x43D;&#x430;&#x441; &#x43D;&#x435; &#x443;&#x448;&#x435;&#x43B;</subfield>
    <subfield code="e">&#x432;&#x43E;&#x441;&#x43F;&#x43E;&#x43C;&#x438;&#x43D;&#x430;&#x43D;&#x438;&#x44F; &#x43E; &#x434;&#x443;&#x445;&#x43E;&#x432;&#x43D;&#x43E;&#x43C; &#x43E;&#x442;&#x446;&#x435; - &#x43F;&#x440;&#x438;&#x441;&#x43D;&#x43E;&#x43F;&#x430;&#x43C;&#x44F;&#x442;&#x43D;&#x43E;&#x43C; &#x430;&#x440;&#x445;&#x438;&#x43C;&#x430;&#x43D;&#x434;&#x440;&#x438;&#x442;&#x435; &#x41D;&#x430;&#x443;&#x43C;&#x435; (&#x411;&#x430;&#x439;&#x431;&#x43E;&#x440;&#x43E;&#x434;&#x438;&#x43D;&#x435;)</subfield>
    <subfield code="f">&#x438;&#x433;&#x443;&#x43C;&#x435;&#x43D;&#x438;&#x44F; &#x410;&#x43D;&#x430;&#x442;&#x43E;&#x43B;&#x438;&#x44F; (&#x411;&#x430;&#x440;&#x448;&#x430;&#x439;)</subfield>
  </datafield>
  <datafield tag="210" ind1=" " ind2=" ">
    <subfield code="a">&#x41C;&#x43E;&#x441;&#x43A;&#x432;&#x430;</subfield>
    <subfield code="c">&#x421;&#x438;&#x431;&#x438;&#x440;&#x441;&#x43A;&#x430;&#x44F; &#x411;&#x43B;&#x430;&#x433;&#x43E;&#x437;&#x432;&#x43E;&#x43D;&#x43D;&#x438;&#x446;&#x430;</subfield>
    <subfield code="d">2019 [&#x442;.&#x435;. 2018]</subfield>
  </datafield>
  <datafield tag="215" ind1=" " ind2=" ">
    <subfield code="a">333, [2] &#x441;., [12] &#x43B;. &#x446;&#x432;. &#x438;&#x43B;., &#x43F;&#x43E;&#x440;&#x442;&#x440;.</subfield>
    <subfield code="c">&#x438;&#x43B;., &#x43F;&#x43E;&#x440;&#x442;&#x440;.</subfield>
    <subfield code="d">21</subfield>
  </datafield>
  <datafield tag="300" ind1=" " ind2=" ">
    <subfield code="a">&#x41D;&#x430; &#x43E;&#x431;&#x43B;. &#x430;&#x432;&#x442;. &#x43D;&#x435; &#x443;&#x43A;&#x430;&#x437;&#x430;&#x43D;</subfield>
  </datafield>
  <datafield tag="300" ind1=" " ind2=" ">
    <subfield code="a">&#x41A;&#x43D;. &#x444;&#x430;&#x43A;&#x442;&#x438;&#x447;&#x435;&#x441;&#x43A;&#x438; &#x438;&#x437;&#x434;. &#x432; 2018 &#x433;.</subfield>
  </datafield>
  <datafield tag="320" ind1=" " ind2=" ">
    <subfield code="a">&#x411;&#x438;&#x431;&#x43B;&#x438;&#x43E;&#x433;&#x440;. &#x432; &#x43F;&#x440;&#x438;&#x43C;&#x435;&#x447;.: 331-333 (32 &#x43D;&#x430;&#x437;&#x432;.)</subfield>
  </datafield>
  <datafield tag="333" ind1=" " ind2=" ">
    <subfield code="a">12+</subfield>
  </datafield>
  <datafield tag="600" ind1=" " ind2="0">
    <subfield code="a">&#x41D;&#x430;&#x443;&#x43C;</subfield>
    <subfield code="c">&#x411;&#x430;&#x439;&#x431;&#x43E;&#x440;&#x43E;&#x434;&#x438;&#x43D;, &#x41D;&#x438;&#x43A;&#x43E;&#x43B;&#x430;&#x439; &#x410;&#x43B;&#x435;&#x43A;&#x441;&#x430;&#x43D;&#x434;&#x440;&#x43E;&#x432;&#x438;&#x447;</subfield>
    <subfield code="c">&#x430;&#x440;&#x445;&#x438;&#x43C;&#x430;&#x43D;&#x434;&#x440;&#x438;&#x442;</subfield>
    <subfield code="f">1927 - 2017</subfield>
    <subfield code="j">&#x412;&#x43E;&#x441;&#x43F;&#x43E;&#x43C;&#x438;&#x43D;&#x430;&#x43D;&#x438;&#x44F;, &#x437;&#x430;&#x43F;&#x438;&#x441;&#x43A;&#x438; &#x438; &#x442;.&#x43F;</subfield>
    <subfield code="2">nlr_sh2</subfield>
    <subfield code="3">RU\NLR\AUTH\6601641963</subfield>
  </datafield>
  <datafield tag="686" ind1="2" ind2=" ">
    <subfield code="a">&#x42D;372.24-374-028,13</subfield>
  </datafield>
  <datafield tag="700" ind1=" " ind2="0">
    <subfield code="a">&#x410;&#x43D;&#x430;&#x442;&#x43E;&#x43B;&#x438;&#x44F;</subfield>
    <subfield code="c">&#x411;&#x430;&#x440;&#x448;&#x430;&#x439;, &#x422;&#x430;&#x442;&#x44C;&#x44F;&#x43D;&#x430; &#x412;&#x438;&#x442;&#x430;&#x43B;&#x44C;&#x435;&#x432;&#x43D;&#x430;</subfield>
    <subfield code="c">&#x438;&#x433;&#x443;&#x43C;&#x435;&#x43D;&#x438;&#x44F;</subfield>
    <subfield code="3">RU\NLR\AUTH\770159068</subfield>
  </datafield>
  <datafield tag="702" ind1=" " ind2="0">
    <subfield code="a">&#x41D;&#x430;&#x443;&#x43C;</subfield>
    <subfield code="c">&#x411;&#x430;&#x439;&#x431;&#x43E;&#x440;&#x43E;&#x434;&#x438;&#x43D;, &#x41D;&#x438;&#x43A;&#x43E;&#x43B;&#x430;&#x439; &#x410;&#x43B;&#x435;&#x43A;&#x441;&#x430;&#x43D;&#x434;&#x440;&#x43E;&#x432;&#x438;&#x447;</subfield>
    <subfield code="c">&#x430;&#x440;&#x445;&#x438;&#x43C;&#x430;&#x43D;&#x434;&#x440;&#x438;&#x442;</subfield>
    <subfield code="f">1927-2017</subfield>
    <subfield code="3">RU\NLR\AUTH\770186872</subfield>
    <subfield code="4">570</subfield>
  </datafield>
  <datafield tag="942" ind1=" " ind2=" ">
    <subfield code="c">BOOK</subfield>
  </datafield>
  <datafield tag="980" ind1=" " ind2=" ">
    <subfield code="a">NBR</subfield>
  </datafield>
  <datafield tag="980" ind1=" " ind2=" ">
    <subfield code="a">NB</subfield>
  </datafield>
</record>
